All Horizon Zero Dawn and Forbidden West Machines - Statistics

General Stats
  • This quiz has been taken 183 times
  • The average score is 34 of 56
Answer Stats
Class Machine % Correct
Recon Watcher
88%
Combat Thunderjaw
87%
Combat Stormbird
85%
Acquisition Charger
82%
Combat Ravager
79%
Combat Fireclaw
78%
Recon Redeye Watcher
78%
Transport Shell-Walker
78%
Acquisition Glinthawk
77%
Recon Burrower
76%
Acquisition Grazer
76%
Acquisition Snapmaw
76%
Transport Behemoth
74%
Combat Frostclaw
74%
Chariot Corruptor
72%
Acquisition Scrapper
71%
Acquisition Strider
71%
Acquisition Sunwing
71%
Combat Stalker
70%
Communication Tallneck
70%
Transport Bellowback
69%
Chariot Deathbringer
68%
Acquisition Lancehorn
67%
Combat Clawstrider
65%
Combat Sawtooth
65%
Combat Slaughterspine
65%
Acquisition Bristleback
64%
Far Zenith Specter
64%
Acquisition Rockbreaker
63%
Combat Scorcher
63%
Acquisition Scrounger
63%
Acquisition Tideripper
63%
Acquisition Widemaw
63%
Combat Dreadwing
62%
Combat Slitherfang
62%
Acquisition Broadhead
61%
Recon Longleg
61%
Combat Shellsnapper
60%
Acquisition Clamberjaw
59%
Far Zenith Specter Prime
57%
Combat Tremortusk
57%
Chariot Horus / Metal Devil
55%
Acquisition Fanghorn
53%
Transport Rollerback
52%
Transport Leaplasher
48%
Acquisition Waterwing
47%
Combat Grimhorn
46%
Acquisition Plowhorn
45%
Recon Skydrifter
45%
Acquisition Trampler
44%
Acquisition Bilegut
39%
Acquisition Spikesnout
38%
Unknown Control Tower
30%
Acquisition Stingspawn
24%
Far Zenith Defense Drone
10%
Unknown Metal Flower
9%
No matching quizzes found
Score Distribution
Percent of People with Each Score
Percentile by Number Answered
Your Score History
You have not taken this quiz